<?xml version="1.0" encoding="UTF-8"?>
<record
    xmlns:xsi="http://www.w3.org/2001/XMLSchema-instance"
    xsi:schemaLocation="http://www.loc.gov/MARC21/slim http://www.loc.gov/standards/marcxml/schema/MARC21slim.xsd"
    xmlns="http://www.loc.gov/MARC21/slim">

  <leader>02797nas a2200289 454500</leader>
  <controlfield tag="001">46027</controlfield>
  <controlfield tag="005">20260407193511.0</controlfield>
  <controlfield tag="008">260407s1921####ag###########|||spa#d</controlfield>
  <controlfield tag="003">AR-UNSa-BCEJYS</controlfield>
  <datafield tag="040" ind1=" " ind2=" ">
    <subfield code="a">AR-UNSa-BCEJYS</subfield>
    <subfield code="b">spa</subfield>
    <subfield code="c">AR-UNSa-BCEJYS</subfield>
  </datafield>
  <datafield tag="080" ind1=" " ind2=" ">
    <subfield code="a">330</subfield>
    <subfield code="x">Econom&#xED;a en general</subfield>
  </datafield>
  <datafield tag="245" ind1="1" ind2="0">
    <subfield code="a">Revista de Ciencias Econ&#xF3;micas</subfield>
  </datafield>
  <datafield tag="022" ind1=" " ind2=" ">
    <subfield code="a">0325-3058</subfield>
  </datafield>
  <datafield tag="264" ind1=" " ind2="1">
    <subfield code="a">Buenos Aires :</subfield>
    <subfield code="b">Colegio de Graduados en Ciencias Econ&#xF3;micas</subfield>
    <subfield code="c">1921</subfield>
  </datafield>
  <datafield tag="310" ind1=" " ind2=" ">
    <subfield code="a">Frecuencia: Trimestral
Editor var&#xED;a:
Universidad de Buenos Aires. Facultad de Ciencias Econ&#xF3;micas; Centro de Estudiantes y Colegio de Egresados, 1921-jun.1923
Universidad de Buenos Aires.Facultad de Ciencias Econ&#xF3;micas; Centro de estudiantes y Colegio de Graduados, jul.1923-may.1941
Universidad de Buenos Aires.Facultad de Ciencias Econ&#xF3;micas; Colegio de Graduados y Centro de Estudiantes, jun.1941-set.1943
Universidad de Buenos Aires.Facultad de Ciencias Econ&#xF3;micas; Colegio de Graduados y Estudiantes, abr.1944-jun.1946
Universidad de Buenos Aires.Facultad de Ciencias Ec&#xF3;nomicas; Colegios de Graduados y Centro de Estudiantes de Ciencias Econ&#xF3;micas, jul.1946-set.1948
Colegio de Doctores en Ciencias Ec&#xF3;nomicas y Contadores P&#xFA;blicos Nacionales y Centro de Estudiantes de Ciencias Econ&#xF3;micas, may.1948-abril.1952
Colegio de Graduados en Ciencias Econ&#xF3;micas y Centro de Estudiantes de Ciencias Econ&#xF3;micas, may.1952-1957
Universidad de Buenos Aires.Facultad de Ciencias Econ&#xF3;micas; Colegio de Graduados en Ciencias Ec&#xF3;nomicas y Centro de Estudiantes de Ciencias Ec&#xF3;nomicas, ene.1958-dic.1964
Colegio de Graduados en Ciencias Econ&#xF3;micas, ene.1965-dic.1972
Encuadernado con:
Bolet&#xED;n Bibliogr&#xE1;fico del Seminario de Econom&#xED;a y Finanzas, 1923-1925
Dividida en:
Temas de Econom&#xED;a, 1971-1974 n. 526-537 y Temas de Administraci&#xF3;n, 1973-1975 n. 534-539
Indice 1913-1929, publicado en 1930
Indice 1930-1942, publicado en 1943
Indice 1913-1979, publicado en 1999
Periodicidad var&#xED;a:
Mensual, 1921-1947; Bimestral, 1948-1957; Cuatrimestral, 1958-1961; Semestral, 1962-1966.
T&#xED;tulo var&#xED;a:
Serie 1, 1921.; Serie 2, 1922-1948.; Serie 3, 1948-1957.; Serie 4, 1958-1968.; Serie 5, 1968-1970.; Serie 6, 1971-1972.; Serie 7, 1973.; Serie 8, 1974.; Serie 9, 1975
ISSN var&#xED;a:
TEMAS DE ECONOMIA 0325-0822, 1971-1975 ; ECONOMIA 0325-0830, 1973-1976; TEMAS DE ADMINISTRACION 0325-0814, 1973-1976</subfield>
  </datafield>
  <datafield tag="041" ind1=" " ind2=" ">
    <subfield code="a">spa</subfield>
  </datafield>
  <datafield tag="942" ind1=" " ind2=" ">
    <subfield code="c">SER</subfield>
  </datafield>
  <datafield tag="590" ind1=" " ind2=" ">
    <subfield code="a">niveau_biblio:s niveau_hierar:1</subfield>
  </datafield>
  <datafield tag="100" ind1="1" ind2=" ">
    <subfield code="a">Colegio de Graduados en Ciencias Econ&#xF3;micas</subfield>
  </datafield>
  <datafield tag="650" ind1=" " ind2=" ">
    <subfield code="a">CONTABILIDAD</subfield>
  </datafield>
  <datafield tag="650" ind1=" " ind2=" ">
    <subfield code="a">Microeconom&#xED;a</subfield>
  </datafield>
  <datafield tag="650" ind1=" " ind2=" ">
    <subfield code="a">Macroeconom&#xED;a</subfield>
  </datafield>
  <datafield tag="650" ind1=" " ind2=" ">
    <subfield code="a">Legislaci&#xF3;n</subfield>
  </datafield>
  <datafield tag="650" ind1=" " ind2=" ">
    <subfield code="a">IMPUESTOS</subfield>
  </datafield>
  <datafield tag="650" ind1=" " ind2=" ">
    <subfield code="a">ECONOMIA</subfield>
  </datafield>
  <datafield tag="856" ind1="4" ind2="1">
    <subfield code="u">https://www.biblioeco.unsa.edu.ar/pmb/images/revistas/R21835.jpg</subfield>
    <subfield code="y">Imagen de portada</subfield>
    <subfield code="q">image/jpeg</subfield>
  </datafield>
  <datafield tag="999" ind1=" " ind2=" ">
    <subfield code="c">8943</subfield>
    <subfield code="d">8943</subfield>
  </datafield>
  <datafield tag="952" ind1=" " ind2=" ">
    <subfield code="0">0</subfield>
    <subfield code="1">0</subfield>
    <subfield code="4">0</subfield>
    <subfield code="7">0</subfield>
    <subfield code="a">BCEJYS</subfield>
    <subfield code="b">BCEJYS</subfield>
    <subfield code="c">13</subfield>
    <subfield code="d">1974-01-01</subfield>
    <subfield code="h">N&#xBA; 537 - ene./mar. 1974</subfield>
    <subfield code="l">0</subfield>
    <subfield code="o">H330 RCE 537</subfield>
    <subfield code="p">R21837</subfield>
    <subfield code="r">2026-04-10 16:10:12</subfield>
    <subfield code="w">2026-04-10</subfield>
    <subfield code="y">RN</subfield>
  </datafield>
  <datafield tag="952" ind1=" " ind2=" ">
    <subfield code="0">0</subfield>
    <subfield code="1">0</subfield>
    <subfield code="4">0</subfield>
    <subfield code="7">0</subfield>
    <subfield code="a">BCEJYS</subfield>
    <subfield code="b">BCEJYS</subfield>
    <subfield code="c">13</subfield>
    <subfield code="d">1973-04-01</subfield>
    <subfield code="h">N&#xBA; 535 - abr./jun. 1973</subfield>
    <subfield code="l">0</subfield>
    <subfield code="o">H330 RCE 535</subfield>
    <subfield code="p">R21835</subfield>
    <subfield code="r">2026-04-10 16:10:12</subfield>
    <subfield code="w">2026-04-10</subfield>
    <subfield code="y">RN</subfield>
  </datafield>
</record>
